Algunos efectos de la tasa de interés sobre la economía argentina, junio 1977-agosto 1981 (Registro nro. 22908)
[ vista simple ]
| 000 -LEADER | |
|---|---|
| fixed length control field | 00386 a2200109 4500 |
| 001 - CONTROL NUMBER | |
| control field | ART_5553 |
| 005 - DATE AND TIME OF LATEST TRANSACTION | |
| control field | 20260410161827.0 |
| 008 - FIXED-LENGTH DATA ELEMENTS--GENERAL INFORMATION | |
| fixed length control field | 260409a |
| 100 1# - MAIN ENTRY--PERSONAL NAME | |
| Personal name | Carlos, José Antonio |
| 245 10 - TITLE STATEMENT | |
| Title | Algunos efectos de la tasa de interés sobre la economía argentina, junio 1977-agosto 1981 |
| 773 0# - HOST ITEM ENTRY | |
| Title | Estudios Económicos |
| Related parts | - Vol. 3, Nº 5/6 (ene./dic. 1984) |
| Record control number | REV5080 |
No hay ítems disponibles.